<?xml version="1.0" encoding="UTF-8"?>
<record
    xmlns:xsi="http://www.w3.org/2001/XMLSchema-instance"
    xsi:schemaLocation="http://www.loc.gov/MARC21/slim http://www.loc.gov/standards/marcxml/schema/MARC21slim.xsd"
    xmlns="http://www.loc.gov/MARC21/slim">

  <leader>02643cas a2200397 i 4500</leader>
  <controlfield tag="001">000037004</controlfield>
  <controlfield tag="003">DO-SdBNP</controlfield>
  <controlfield tag="005">20260211135605.0</controlfield>
  <controlfield tag="007">ta</controlfield>
  <controlfield tag="008">120208c2009    dr qr1p|dd   ||   |0spa d</controlfield>
  <datafield tag="022" ind1="0" ind2=" ">
    <subfield code="a">0004-0606</subfield>
  </datafield>
  <datafield tag="040" ind1=" " ind2=" ">
    <subfield code="a">DO-SdBNP</subfield>
    <subfield code="b">spa</subfield>
    <subfield code="c">BNPHU</subfield>
    <subfield code="e">rda</subfield>
  </datafield>
  <datafield tag="041" ind1=" " ind2=" ">
    <subfield code="h">spa</subfield>
  </datafield>
  <datafield tag="043" ind1=" " ind2=" ">
    <subfield code="a">nwdr</subfield>
  </datafield>
  <datafield tag="130" ind1="0" ind2=" ">
    <subfield code="a">CardioCEDIMAT (Santo Domingo, Rep&#xFA;blica Dominicana)</subfield>
    <subfield code="9">63401</subfield>
  </datafield>
  <datafield tag="245" ind1="0" ind2="0">
    <subfield code="a">CardioCEDIMAT /</subfield>
    <subfield code="c">Centros de Diagn&#xF3;stico y Medicina Avanzada y de Conferencias M&#xE9;dicas y Telemedicina.</subfield>
  </datafield>
  <datafield tag="246" ind1="1" ind2=" ">
    <subfield code="a">Cardio CEDIMAT</subfield>
  </datafield>
  <datafield tag="246" ind1="1" ind2=" ">
    <subfield code="a">Cardio Cedimat</subfield>
  </datafield>
  <datafield tag="264" ind1=" " ind2=" ">
    <subfield code="a">Santo Domingo, Rep&#xFA;blica Dominicana : </subfield>
    <subfield code="b">CEDIMAT,</subfield>
    <subfield code="c">2008-.</subfield>
  </datafield>
  <datafield tag="300" ind1=" " ind2=" ">
    <subfield code="a">volumen :</subfield>
    <subfield code="b">ilustraciones, fotograf&#xED;as, gr&#xE1;ficas ;</subfield>
    <subfield code="c">28 cm.</subfield>
  </datafield>
  <datafield tag="310" ind1=" " ind2=" ">
    <subfield code="a">Trimestral.</subfield>
    <subfield code="b">Vol. 1 No. 1 (julio 2008).</subfield>
  </datafield>
  <datafield tag="336" ind1=" " ind2=" ">
    <subfield code="a">texto</subfield>
    <subfield code="b">txt </subfield>
    <subfield code="2">rdacontent</subfield>
  </datafield>
  <datafield tag="337" ind1=" " ind2=" ">
    <subfield code="a">sin mediaci&#xF3;n </subfield>
    <subfield code="b">n </subfield>
    <subfield code="2">rdamedia</subfield>
  </datafield>
  <datafield tag="338" ind1=" " ind2=" ">
    <subfield code="a">volumen </subfield>
    <subfield code="b">nc </subfield>
    <subfield code="2">rdacarrier</subfield>
  </datafield>
  <datafield tag="362" ind1="1" ind2=" ">
    <subfield code="a">Inicia con: Vol. 1 No. 1 (2008).</subfield>
  </datafield>
  <datafield tag="362" ind1="1" ind2=" ">
    <subfield code="a">Semestral a partir de Vol. 1 No. 1 (julio 2008).</subfield>
  </datafield>
  <datafield tag="500" ind1=" " ind2=" ">
    <subfield code="a">Descripci&#xF3;n basada en: Vol. 1 No. 1 (julio 2008).</subfield>
  </datafield>
  <datafield tag="520" ind1=" " ind2=" ">
    <subfield code="a">Revista cient&#xED;fica con art&#xED;culos elaborados por expertos, que, con su prestigio y pluralidad en aspectos de la medicina moderna, enriquecer&#xE1;n nuestro conocimiento. "Cardio CEDIMAT ser&#xE1; un fiel reflejo del trabajo acad&#xE9;mico, an&#xE1;lisis cient&#xED;fico y de pensamiento, que va de la mano de los principios &#xE9;ticos, sensibilidad social, con una profunda conciencia cr&#xED;tica del importante rol que, como gremio, y m&#xE1;s a&#xFA;n como dominicanos tenemos en el progreso y mejoramiento de nuestra sociedad". Adem&#xE1;s de los art&#xED;culos cl&#xED;nicos, la revista incluir&#xE1; las noticias relacionadas con la labor social que desempe&#xF1;an CEDIMAT y la Fundaci&#xF3;n Heart Care Dominicana. (http://elnuevodiario.com.do/app/article.aspx?id=149619).</subfield>
  </datafield>
  <datafield tag="545" ind1=" " ind2=" ">
    <subfield code="a">CardioCEDIMAT es una revista publicada por el Departamento Cardiovascular de Centros de Diagn&#xF3;stico y Medicina Avanzada y de Conferencias M&#xE9;dicas y Telemedicina (CEDIMAT), de la Rep&#xFA;blica Dominicana.</subfield>
  </datafield>
  <datafield tag="610" ind1="2" ind2="4">
    <subfield code="a">Centro de Diagnostico Medica Avanzada y de Conferencias Medicas Telemedicina. Departamento Cardiovascular</subfield>
    <subfield code="z">Rep&#xFA;blica Dominicana</subfield>
    <subfield code="v">Publicaciones peri&#xF3;dicas</subfield>
    <subfield code="9">63402</subfield>
  </datafield>
  <datafield tag="610" ind1="2" ind2="4">
    <subfield code="a">Fundaci&#xF3;n Heart Care Dominicana</subfield>
    <subfield code="z">Rep&#xFA;blica Dominicana</subfield>
    <subfield code="v">Publicaciones peri&#xF3;dicas</subfield>
    <subfield code="9">63403</subfield>
  </datafield>
  <datafield tag="650" ind1="2" ind2="4">
    <subfield code="a">Cardiolog&#xED;a</subfield>
    <subfield code="v">Publicaciones peri&#xF3;dicas</subfield>
    <subfield code="z">Rep&#xFA;blica Dominicana</subfield>
    <subfield code="9">63404</subfield>
  </datafield>
  <datafield tag="650" ind1="2" ind2="4">
    <subfield code="a">Medicina avanzada</subfield>
    <subfield code="v">Publicaciones peri&#xF3;dicas</subfield>
    <subfield code="z">Rep&#xFA;blica Dominicana</subfield>
    <subfield code="9">63405</subfield>
  </datafield>
  <datafield tag="710" ind1=" " ind2=" ">
    <subfield code="a">Centros de Diagn&#xF3;stico y Medicina Avanzada y de Conferencias M&#xE9;dicas y Telemedicina (CEDIMAT)</subfield>
    <subfield code="9">63406</subfield>
  </datafield>
  <datafield tag="942" ind1=" " ind2=" ">
    <subfield code="2">ddc</subfield>
    <subfield code="c">ISSUE</subfield>
  </datafield>
  <datafield tag="952" ind1=" " ind2=" ">
    <subfield code="0">0</subfield>
    <subfield code="1">0</subfield>
    <subfield code="2">ddc</subfield>
    <subfield code="4">0</subfield>
    <subfield code="5">6</subfield>
    <subfield code="7">0</subfield>
    <subfield code="8">SE</subfield>
    <subfield code="a">PD</subfield>
    <subfield code="b">PD</subfield>
    <subfield code="d">2012-03-28</subfield>
    <subfield code="e">4</subfield>
    <subfield code="h">v. 5: no.1 (2012: enero/jun.)</subfield>
    <subfield code="i">2012010120120106</subfield>
    <subfield code="l">0</subfield>
    <subfield code="o">1</subfield>
    <subfield code="p">37004-150</subfield>
    <subfield code="r">2020-08-08</subfield>
    <subfield code="t">e.1</subfield>
    <subfield code="w">2020-08-08</subfield>
    <subfield code="y">ISSUE</subfield>
    <subfield code="z">Perteneci&#xF3; a la biblioteca personal de Carlos Larraz&#xE1;bal Blanco.</subfield>
  </datafield>
  <datafield tag="952" ind1=" " ind2=" ">
    <subfield code="0">0</subfield>
    <subfield code="1">0</subfield>
    <subfield code="2">ddc</subfield>
    <subfield code="4">0</subfield>
    <subfield code="5">6</subfield>
    <subfield code="7">0</subfield>
    <subfield code="8">SE</subfield>
    <subfield code="a">PD</subfield>
    <subfield code="b">PD</subfield>
    <subfield code="d">2012-03-28</subfield>
    <subfield code="e">4</subfield>
    <subfield code="h">v.5: no.2 (2012:j ul./dic.)</subfield>
    <subfield code="i">2012070120120706</subfield>
    <subfield code="l">0</subfield>
    <subfield code="o">2</subfield>
    <subfield code="p">37004-160</subfield>
    <subfield code="r">2020-08-08</subfield>
    <subfield code="t">e.2</subfield>
    <subfield code="w">2020-08-08</subfield>
    <subfield code="y">ISSUE</subfield>
    <subfield code="z">Perteneci&#xF3; a la biblioteca personal de Carlos Larraz&#xE1;bal Blanco.</subfield>
  </datafield>
  <datafield tag="952" ind1=" " ind2=" ">
    <subfield code="0">0</subfield>
    <subfield code="1">0</subfield>
    <subfield code="2">ddc</subfield>
    <subfield code="4">0</subfield>
    <subfield code="5">6</subfield>
    <subfield code="7">0</subfield>
    <subfield code="8">SE</subfield>
    <subfield code="a">PD</subfield>
    <subfield code="b">PD</subfield>
    <subfield code="d">2012-03-26</subfield>
    <subfield code="e">4</subfield>
    <subfield code="h">v.3: no.4 (2010: jul.01)</subfield>
    <subfield code="i">201007012011010120120327</subfield>
    <subfield code="l">0</subfield>
    <subfield code="o">4</subfield>
    <subfield code="p">37004-3-4</subfield>
    <subfield code="r">2020-08-08</subfield>
    <subfield code="t">e.4</subfield>
    <subfield code="w">2020-08-08</subfield>
    <subfield code="y">ISSUE</subfield>
    <subfield code="z">Perteneci&#xF3; a la biblioteca personal de Carlos Larraz&#xE1;bal Blanco.</subfield>
  </datafield>
  <datafield tag="952" ind1=" " ind2=" ">
    <subfield code="0">0</subfield>
    <subfield code="1">0</subfield>
    <subfield code="2">ddc</subfield>
    <subfield code="4">0</subfield>
    <subfield code="5">6</subfield>
    <subfield code="7">0</subfield>
    <subfield code="8">SE</subfield>
    <subfield code="a">PD</subfield>
    <subfield code="b">PD</subfield>
    <subfield code="d">2012-03-28</subfield>
    <subfield code="e">4</subfield>
    <subfield code="h">v.3: no.4. (2010: jul.01)</subfield>
    <subfield code="i">201007012011010120120328</subfield>
    <subfield code="l">0</subfield>
    <subfield code="o">4</subfield>
    <subfield code="p">37004-3-4-2</subfield>
    <subfield code="r">2020-08-08</subfield>
    <subfield code="t">e.2 </subfield>
    <subfield code="w">2020-08-08</subfield>
    <subfield code="y">ISSUE</subfield>
    <subfield code="z">Perteneci&#xF3; a la biblioteca personal de Carlos Larraz&#xE1;bal Blanco.</subfield>
  </datafield>
  <datafield tag="952" ind1=" " ind2=" ">
    <subfield code="0">0</subfield>
    <subfield code="1">0</subfield>
    <subfield code="2">ddc</subfield>
    <subfield code="4">0</subfield>
    <subfield code="5">6</subfield>
    <subfield code="7">0</subfield>
    <subfield code="8">SE</subfield>
    <subfield code="a">PD</subfield>
    <subfield code="b">PD</subfield>
    <subfield code="d">2012-03-28</subfield>
    <subfield code="e">4</subfield>
    <subfield code="h">v.4 no. 3(2010: jul.01)</subfield>
    <subfield code="i">201007012011010120120328</subfield>
    <subfield code="l">0</subfield>
    <subfield code="o">4</subfield>
    <subfield code="p">37004-3-4-3</subfield>
    <subfield code="r">2020-08-08</subfield>
    <subfield code="t">e.3</subfield>
    <subfield code="w">2020-08-08</subfield>
    <subfield code="y">ISSUE</subfield>
    <subfield code="z">Perteneci&#xF3; a la biblioteca personal de Carlos Larraz&#xE1;bal Blanco.</subfield>
  </datafield>
  <datafield tag="952" ind1=" " ind2=" ">
    <subfield code="0">0</subfield>
    <subfield code="1">0</subfield>
    <subfield code="2">ddc</subfield>
    <subfield code="4">0</subfield>
    <subfield code="5">6</subfield>
    <subfield code="7">0</subfield>
    <subfield code="8">SE</subfield>
    <subfield code="a">PD</subfield>
    <subfield code="b">PD</subfield>
    <subfield code="d">2012-03-28</subfield>
    <subfield code="e">4</subfield>
    <subfield code="h">v.3: no.4. (2010: jul.01)</subfield>
    <subfield code="i">201007012011010120120328</subfield>
    <subfield code="l">0</subfield>
    <subfield code="o">4</subfield>
    <subfield code="p">37004-3-4-4</subfield>
    <subfield code="r">2020-08-08</subfield>
    <subfield code="t">e.4</subfield>
    <subfield code="w">2020-08-08</subfield>
    <subfield code="y">ISSUE</subfield>
    <subfield code="z">Perteneci&#xF3; a la biblioteca personal de Carlos Larraz&#xE1;bal Blanco.</subfield>
  </datafield>
  <datafield tag="952" ind1=" " ind2=" ">
    <subfield code="0">0</subfield>
    <subfield code="1">0</subfield>
    <subfield code="2">ddc</subfield>
    <subfield code="4">0</subfield>
    <subfield code="5">6</subfield>
    <subfield code="7">0</subfield>
    <subfield code="8">SE</subfield>
    <subfield code="a">PD</subfield>
    <subfield code="b">PD</subfield>
    <subfield code="d">2012-03-28</subfield>
    <subfield code="e">4</subfield>
    <subfield code="h">v.3: no.4. (2010:jul.01)</subfield>
    <subfield code="i">201007012011010120120328</subfield>
    <subfield code="l">0</subfield>
    <subfield code="o">4</subfield>
    <subfield code="p">37004-3-4-5</subfield>
    <subfield code="r">2020-08-08</subfield>
    <subfield code="t">e.5</subfield>
    <subfield code="w">2020-08-08</subfield>
    <subfield code="y">ISSUE</subfield>
    <subfield code="z">Perteneci&#xF3; a la biblioteca personal de Carlos Larraz&#xE1;bal Blanco.</subfield>
  </datafield>
  <datafield tag="952" ind1=" " ind2=" ">
    <subfield code="0">0</subfield>
    <subfield code="1">0</subfield>
    <subfield code="2">ddc</subfield>
    <subfield code="4">0</subfield>
    <subfield code="5">6</subfield>
    <subfield code="7">0</subfield>
    <subfield code="8">SE</subfield>
    <subfield code="a">PD</subfield>
    <subfield code="b">PD</subfield>
    <subfield code="d">2012-03-28</subfield>
    <subfield code="e">4</subfield>
    <subfield code="h">v.4: no.5 (2011: enero/jun.)</subfield>
    <subfield code="i">201101012011060120120328</subfield>
    <subfield code="l">0</subfield>
    <subfield code="o">5</subfield>
    <subfield code="p">37004-4-5-1</subfield>
    <subfield code="r">2020-08-08</subfield>
    <subfield code="t">e.1</subfield>
    <subfield code="w">2020-08-08</subfield>
    <subfield code="y">ISSUE</subfield>
    <subfield code="z">Perteneci&#xF3; a la biblioteca personal de Carlos Larraz&#xE1;bal Blanco.</subfield>
  </datafield>
  <datafield tag="952" ind1=" " ind2=" ">
    <subfield code="0">0</subfield>
    <subfield code="1">0</subfield>
    <subfield code="2">ddc</subfield>
    <subfield code="4">0</subfield>
    <subfield code="5">6</subfield>
    <subfield code="7">0</subfield>
    <subfield code="8">SE</subfield>
    <subfield code="a">PD</subfield>
    <subfield code="b">PD</subfield>
    <subfield code="d">2012-03-28</subfield>
    <subfield code="e">4</subfield>
    <subfield code="h">v.4: no.6 (2011: jul./dic.01)</subfield>
    <subfield code="i">201107012012010620120328</subfield>
    <subfield code="l">0</subfield>
    <subfield code="o">6</subfield>
    <subfield code="p">37004-4-6</subfield>
    <subfield code="r">2020-08-08</subfield>
    <subfield code="t">e.6</subfield>
    <subfield code="w">2020-08-08</subfield>
    <subfield code="y">ISSUE</subfield>
    <subfield code="z">Perteneci&#xF3; a la biblioteca personal de Carlos Larraz&#xE1;bal Blanco.</subfield>
  </datafield>
  <datafield tag="952" ind1=" " ind2=" ">
    <subfield code="0">0</subfield>
    <subfield code="1">0</subfield>
    <subfield code="2">ddc</subfield>
    <subfield code="4">0</subfield>
    <subfield code="5">6</subfield>
    <subfield code="7">0</subfield>
    <subfield code="8">SE</subfield>
    <subfield code="a">PD</subfield>
    <subfield code="b">PD</subfield>
    <subfield code="d">2012-03-28</subfield>
    <subfield code="e">4</subfield>
    <subfield code="h">v.4: no.6. (2011: jul/dic. 01)</subfield>
    <subfield code="i">201107012012010620120328</subfield>
    <subfield code="l">0</subfield>
    <subfield code="o">6</subfield>
    <subfield code="p">37004-4-6-2</subfield>
    <subfield code="r">2020-08-08</subfield>
    <subfield code="t">e.2</subfield>
    <subfield code="w">2020-08-08</subfield>
    <subfield code="y">ISSUE</subfield>
    <subfield code="z">Perteneci&#xF3; a la biblioteca personal de Carlos Larraz&#xE1;bal Blanco.</subfield>
  </datafield>
  <datafield tag="952" ind1=" " ind2=" ">
    <subfield code="0">0</subfield>
    <subfield code="1">0</subfield>
    <subfield code="2">ddc</subfield>
    <subfield code="4">0</subfield>
    <subfield code="5">6</subfield>
    <subfield code="7">0</subfield>
    <subfield code="8">SE</subfield>
    <subfield code="a">PD</subfield>
    <subfield code="b">PD</subfield>
    <subfield code="d">2012-03-28</subfield>
    <subfield code="e">4</subfield>
    <subfield code="h">v.4: no.6. (2011: jul/dic 01)</subfield>
    <subfield code="i">201107012012010620120328</subfield>
    <subfield code="l">0</subfield>
    <subfield code="o">6</subfield>
    <subfield code="p">37004-4-6-3</subfield>
    <subfield code="r">2020-08-08</subfield>
    <subfield code="t">e.3</subfield>
    <subfield code="w">2020-08-08</subfield>
    <subfield code="y">ISSUE</subfield>
    <subfield code="z">Perteneci&#xF3; a la biblioteca personal de Carlos Larraz&#xE1;bal Blanco.</subfield>
  </datafield>
  <datafield tag="952" ind1=" " ind2=" ">
    <subfield code="0">0</subfield>
    <subfield code="1">0</subfield>
    <subfield code="2">ddc</subfield>
    <subfield code="4">0</subfield>
    <subfield code="5">6</subfield>
    <subfield code="7">0</subfield>
    <subfield code="8">SE</subfield>
    <subfield code="a">PD</subfield>
    <subfield code="b">PD</subfield>
    <subfield code="d">2012-03-28</subfield>
    <subfield code="e">4</subfield>
    <subfield code="h">v.4: no.6 (2011: jul/dic 01)</subfield>
    <subfield code="i">201107012012010620120328</subfield>
    <subfield code="l">0</subfield>
    <subfield code="o">6</subfield>
    <subfield code="p">37004-4-6-4</subfield>
    <subfield code="r">2020-08-08</subfield>
    <subfield code="t">e.4</subfield>
    <subfield code="w">2020-08-08</subfield>
    <subfield code="y">ISSUE</subfield>
    <subfield code="z">Perteneci&#xF3; a la biblioteca personal de Carlos Larraz&#xE1;bal Blanco.</subfield>
  </datafield>
  <datafield tag="952" ind1=" " ind2=" ">
    <subfield code="0">0</subfield>
    <subfield code="1">0</subfield>
    <subfield code="2">ddc</subfield>
    <subfield code="4">0</subfield>
    <subfield code="5">6</subfield>
    <subfield code="7">0</subfield>
    <subfield code="8">SE</subfield>
    <subfield code="a">PD</subfield>
    <subfield code="b">PD</subfield>
    <subfield code="d">2012-03-28</subfield>
    <subfield code="e">4</subfield>
    <subfield code="h">v.4: no.6 (2011: jul/dic 01)</subfield>
    <subfield code="i">201107012012010620120328</subfield>
    <subfield code="l">0</subfield>
    <subfield code="o">6</subfield>
    <subfield code="p">37004-4-6-5</subfield>
    <subfield code="r">2020-08-08</subfield>
    <subfield code="t">e.5</subfield>
    <subfield code="w">2020-08-08</subfield>
    <subfield code="y">ISSUE</subfield>
    <subfield code="z">Perteneci&#xF3; a la biblioteca personal de Carlos Larraz&#xE1;bal Blanco.</subfield>
  </datafield>
  <datafield tag="952" ind1=" " ind2=" ">
    <subfield code="0">0</subfield>
    <subfield code="1">0</subfield>
    <subfield code="2">ddc</subfield>
    <subfield code="4">0</subfield>
    <subfield code="5">6</subfield>
    <subfield code="7">0</subfield>
    <subfield code="8">SE</subfield>
    <subfield code="a">BNPHU</subfield>
    <subfield code="b">BNPHU</subfield>
    <subfield code="d">2026-02-11</subfield>
    <subfield code="h">V.1, No. 1 (julio 2008)</subfield>
    <subfield code="l">0</subfield>
    <subfield code="p">2026-0992</subfield>
    <subfield code="r">2026-02-11</subfield>
    <subfield code="t">e.1</subfield>
    <subfield code="w">2026-02-11</subfield>
    <subfield code="y">ISSUE</subfield>
  </datafield>
  <datafield tag="952" ind1=" " ind2=" ">
    <subfield code="0">0</subfield>
    <subfield code="1">0</subfield>
    <subfield code="2">ddc</subfield>
    <subfield code="4">0</subfield>
    <subfield code="5">6</subfield>
    <subfield code="7">0</subfield>
    <subfield code="8">SE</subfield>
    <subfield code="a">BNPHU</subfield>
    <subfield code="b">BNPHU</subfield>
    <subfield code="d">2026-02-11</subfield>
    <subfield code="h">V.1, No. 2 (marzo 2009)</subfield>
    <subfield code="l">0</subfield>
    <subfield code="p">2026-0993</subfield>
    <subfield code="r">2026-02-11</subfield>
    <subfield code="t">e.1</subfield>
    <subfield code="w">2026-02-11</subfield>
    <subfield code="y">ISSUE</subfield>
  </datafield>
  <datafield tag="952" ind1=" " ind2=" ">
    <subfield code="0">0</subfield>
    <subfield code="1">0</subfield>
    <subfield code="2">ddc</subfield>
    <subfield code="4">0</subfield>
    <subfield code="5">6</subfield>
    <subfield code="7">0</subfield>
    <subfield code="8">SE</subfield>
    <subfield code="a">BNPHU</subfield>
    <subfield code="b">BNPHU</subfield>
    <subfield code="d">2026-02-11</subfield>
    <subfield code="h">V.1, No. 3 (enero 2010)</subfield>
    <subfield code="l">0</subfield>
    <subfield code="p">2026-0994</subfield>
    <subfield code="r">2026-02-11</subfield>
    <subfield code="t">e.1</subfield>
    <subfield code="w">2026-02-11</subfield>
    <subfield code="y">ISSUE</subfield>
  </datafield>
  <datafield tag="952" ind1=" " ind2=" ">
    <subfield code="0">0</subfield>
    <subfield code="1">0</subfield>
    <subfield code="2">ddc</subfield>
    <subfield code="4">0</subfield>
    <subfield code="5">6</subfield>
    <subfield code="7">0</subfield>
    <subfield code="8">SE</subfield>
    <subfield code="a">BNPHU</subfield>
    <subfield code="b">BNPHU</subfield>
    <subfield code="d">2026-02-11</subfield>
    <subfield code="h">V.1, No. 3 (enero 2010)</subfield>
    <subfield code="l">0</subfield>
    <subfield code="p">2026-0995</subfield>
    <subfield code="r">2026-02-11</subfield>
    <subfield code="t">e.2</subfield>
    <subfield code="w">2026-02-11</subfield>
    <subfield code="y">ISSUE</subfield>
  </datafield>
  <datafield tag="952" ind1=" " ind2=" ">
    <subfield code="0">0</subfield>
    <subfield code="1">0</subfield>
    <subfield code="2">ddc</subfield>
    <subfield code="4">0</subfield>
    <subfield code="5">6</subfield>
    <subfield code="7">0</subfield>
    <subfield code="8">SE</subfield>
    <subfield code="a">BNPHU</subfield>
    <subfield code="b">BNPHU</subfield>
    <subfield code="d">2026-02-11</subfield>
    <subfield code="h">V.4, No. 5 (enero/junio 2012)</subfield>
    <subfield code="l">0</subfield>
    <subfield code="p">2026-0996</subfield>
    <subfield code="r">2026-02-11</subfield>
    <subfield code="t">e.2</subfield>
    <subfield code="w">2026-02-11</subfield>
    <subfield code="y">ISSUE</subfield>
  </datafield>
  <datafield tag="952" ind1=" " ind2=" ">
    <subfield code="0">0</subfield>
    <subfield code="1">0</subfield>
    <subfield code="2">ddc</subfield>
    <subfield code="4">0</subfield>
    <subfield code="5">6</subfield>
    <subfield code="7">0</subfield>
    <subfield code="8">SE</subfield>
    <subfield code="a">BNPHU</subfield>
    <subfield code="b">BNPHU</subfield>
    <subfield code="d">2026-02-11</subfield>
    <subfield code="h">V.4, No. 5 (enero/junio 2011)</subfield>
    <subfield code="l">0</subfield>
    <subfield code="p">2026-0997</subfield>
    <subfield code="r">2026-02-11</subfield>
    <subfield code="t">e.3</subfield>
    <subfield code="w">2026-02-11</subfield>
    <subfield code="y">ISSUE</subfield>
  </datafield>
  <datafield tag="952" ind1=" " ind2=" ">
    <subfield code="0">0</subfield>
    <subfield code="1">0</subfield>
    <subfield code="2">ddc</subfield>
    <subfield code="4">0</subfield>
    <subfield code="5">6</subfield>
    <subfield code="7">0</subfield>
    <subfield code="8">SE</subfield>
    <subfield code="a">BNPHU</subfield>
    <subfield code="b">BNPHU</subfield>
    <subfield code="d">2026-02-11</subfield>
    <subfield code="h">V.4, No. 5 (enero/junio 2011)</subfield>
    <subfield code="l">0</subfield>
    <subfield code="p">2026-0998</subfield>
    <subfield code="r">2026-02-11</subfield>
    <subfield code="t">e.4</subfield>
    <subfield code="w">2026-02-11</subfield>
    <subfield code="y">ISSUE</subfield>
  </datafield>
  <datafield tag="999" ind1=" " ind2=" ">
    <subfield code="c">36494</subfield>
    <subfield code="d">36494</subfield>
  </datafield>
</record>
